Southville International School and Colleges
Your cart is empty.
  • Cart
  • Lists
    Public lists Eva Luna New books Lux_list list_1
    Your lists Log in to create your own lists
  • Log in to your account
  • Your cookies
  • Search history
Southville International School and Colleges
  • Advanced search
  • Recent comments
  • Most popular
  • Libraries

Log in to your account

Log in with GOOGLE


If you do not have an external account, but do have a local account, you can still log in:

  1. Home
  2. MARC view: 21st century Italian-English English-Italian dictionary /
Normal view MARC view ISBD view

21st century Italian-English English-Italian dictionary / (Record no. 345087)

[ view plain ]
MARC details
000 -LEADER
fixed length control field 00798nam a2200277Ia 4500
008 - FIXED-LENGTH DATA ELEMENTS--GENERAL INFORMATION
fixed length control field 171120s9999 xx 000 0 und d
020 ## - INTERNATIONAL STANDARD BOOK NUMBER
International Standard Book Number 440220904
050 ## - LIBRARY OF CONGRESS CALL NUMBER
Classification number 453.21
050 ## - LIBRARY OF CONGRESS CALL NUMBER
Item number P957 1996
100 ## - MAIN ENTRY--PERSONAL NAME
Personal name Princeton Language Institute.
245 ## - TITLE STATEMENT
Title 21st century Italian-English English-Italian dictionary /
245 ## - TITLE STATEMENT
Statement of responsibility, etc by Princeton Language Institute and Philip Lief Group.
260 ## - PUBLICATION, DISTRIBUTION, ETC. (IMPRINT)
Place of publication, distribution, etc New York :
260 ## - PUBLICATION, DISTRIBUTION, ETC. (IMPRINT)
Name of publisher, distributor, etc The Philip Lief group, Inc.,
260 ## - PUBLICATION, DISTRIBUTION, ETC. (IMPRINT)
Date of publication, distribution, etc 1996
300 ## - PHYSICAL DESCRIPTION
Extent xv, 459 pages :
300 ## - PHYSICAL DESCRIPTION
Other physical details illustrations ;
300 ## - PHYSICAL DESCRIPTION
Dimensions 17cm.
440 ## - SERIES STATEMENT/ADDED ENTRY--TITLE
Title 21st century reference.
650 ## - SUBJECT ADDED ENTRY--TOPICAL TERM
Topical term or geographic name as entry element English language --
650 ## - SUBJECT ADDED ENTRY--TOPICAL TERM
Topical term or geographic name as entry element Italian language --
650 ## - SUBJECT ADDED ENTRY--TOPICAL TERM
General subdivision Dictionaries -- English.
650 ## - SUBJECT ADDED ENTRY--TOPICAL TERM
General subdivision Dictionaries -- Italian.
700 ## - ADDED ENTRY--PERSONAL NAME
Personal name Series.
700 ## - ADDED ENTRY--PERSONAL NAME
Personal name Title.
Holdings
Withdrawn status Lost status Damaged status Home library Current library Date acquired Total Checkouts Full call number Barcode Date last seen Price effective from Koha item type
      Stonyhurst Southville International School (Malarayat) Stonyhurst Southville International School (Malarayat) 11/20/2017   REF 453.21 P957 1996 SSISM4131 11/20/2017 11/20/2017 Books

21st century Italian-English English-Italian dictionary /

APA

Princeton Language Institute, Series & Title.21st century Italian-English English-Italian dictionary. New York: .

Chicago

Princeton Language Institute, Series and Title.21st century Italian-English English-Italian dictionary. New York: .

Harvard

Princeton Language Institute, Series and Title.21st century Italian-English English-Italian dictionary. New York: .

MLA

Princeton Language Institute, Series and Title.New York: . .

  • Place hold
  • Print
  • Cite
  • Add to your cart (remove)
  • Save record
    BIBTEX Dublin Core MARCXML MARC (non-Unicode/MARC-8) MARC (Unicode/UTF-8) MARC (Unicode/UTF-8, Standard) MODS (XML) RIS
  • More searches
    Search for this title in:
    Other Libraries (WorldCat) Other Databases (Google Scholar) Online Stores (Bookfinder.com) Open Library (openlibrary.org)

Exporting to Dublin Core...

SOUTHVILLE LIBRARY

Southville International School and Colleges Library

1281 Tropical Ave. Cor. Luxembourg St., BF Homes International, Las Pinas City

Tel. No. 8256374 / 252358 Loc. 117/146

Powered by Koha